000 00679cam a2200217 4500
001 1169
005 20230410132753.0
008 060907n1966 ag spa
040 _aDRFGD
_bspa
041 _aspa
050 1 4 _aQC 278
_bM135c 1966
082 0 0 _a536.56
100 1 _aMacDonald, D. K. C.
_q(David Keith Chalmers),
_d1920-
245 0 _aCerca del cero absoluto :
_cDavid Keith Chalmers MacDonald
250 _a2a ed.
260 _aBuenos Aires :
_bEditorial Universitaria de Buenos Aires ,
_c[1966]
300 _a117 p.
_bill
500 _aTraducción de: Near zero; an introduction to low temperature physics.
650 _aLow temperatures.
942 _2lcc
_cbk
999 _c87436
_d87436